Ergonomické prístupy k normovaniu práce zborník

Na minha lista:
Detalhes bibliográficos
Formato: Livro
Idioma:eslovaco
Publicado em: Banská Bystrica Dom techniky ČSVTS 1981
Tags: Adicionar Tag
Sem tags, seja o primeiro a adicionar uma tag!

MARC

LEADER 00000nam a2200000 4500
001 c127168
005 20181203150420.5
041 0 |a slo 
044 |a SK 
245 1 0 |a Ergonomické prístupy k normovaniu práce  |b zborník 
264 1 |a Banská Bystrica  |b Dom techniky ČSVTS  |c 1981 
300 |a 156 s.